000 00816cam a2200265 4500
008 090401t1995 xxu||||| |||| 00| 0 eng d
020 _a185112232X
035 _a(Sirsi) u38209
041 _aeng
050 _a333.73
110 _aUnited Kingdom
_bDepartment of the Environment
_9982
245 _aGas works, coke works and other coal carbonisation plants.
260 _aLondon
_bDepartment of the Environment
_c1995
300 _a17p. ; 30cm.
350 _a10
490 _aDoE Industry Profile
520 _aProfile based on the work of Aspinwall & Co Ltd., prepared for publication by BRE.
650 _aCONTAMINATED LAND
650 _aGAS WORKS
650 _aPOLLUTION
690 _aENVIRONMENTAL AND LAND CONSULTANCY
700 _adepaofthen,
_xChairman
942 _n0
948 _c04/03/1997
999 _c90623
_d90623